|
|
|
|
| LEADER |
00000nam a2200000 i 4500 |
| 001 |
1/80991 |
| 008 |
080408s2005 eng d |
| 020 |
|
|
|a 1-86126-788-6
|
| 035 |
|
|
|l 10096359
|
| 040 |
|
|
|a GR-MY-UA
|b gre
|e aacr
|
| 041 |
0 |
|
|a eng
|
| 082 |
0 |
|
|a 631.584
|2 (22)
|
| 245 |
1 |
0 |
|a Organic vegetable production :
|b a complete guide /
|c edited by Gareth Davies and Margi Lennartsson
|
| 260 |
|
|
|a Ramsbury :
|b Crowood,
|c 2005
|
| 300 |
|
|
|a 350 σ.;
|b εικ., πίν. ;
|c 24 εκ.
|
| 504 |
|
|
|a Ευρετήριο: σ. 347-350
|
| 650 |
0 |
0 |
|a Organic farming.
|
| 650 |
0 |
0 |
|a Vegetables.
|
| 700 |
1 |
|
|a Davies, Gareth.
|4 edt
|
| 700 |
1 |
|
|a Lennartsson, Margi.
|4 edt
|
| 852 |
|
|
|a INST
|b LESVOS
|e 20080408
|h 631.584 ORG
|p 005100042439
|q 005100042439
|t BK
|y 0
|
| 901 |
|
|
|a BIBL1-2008-1
|
| 909 |
|
|
|a Λ
|b 144176
|
| 922 |
|
|
|a 1ΕΛΗ
|b 200801
|c ΕΠΕΑΕΚ2/ΤΠ
|d ΠΑΠΑΣΩΤΗΡΙΟΥ
|
| 970 |
|
|
|a ΧΑΤΖΗΜΙΧΑΗΛ
|b ΜΑΡΙΑ
|z 2008/04/08
|